000 00729cam a2200229 a 4500
001 000013046
005 20240508200520.0
008 850801s1963 sp 000 0 spa
035 _a(DLC) 58018092
040 _aDO-SdBNP
_cCarP
_dDLC
082 _a346.096
_bC334e
100 1 _aCasals Colldecarrera, Miguel.
_930157
245 1 0 _aEstudios de oposición cambiaria /
_cMiguel Casals Colldecarrera.
260 _aBarcelona, España :
_bEditorial AHR,
_c1963.
300 _a1676 p. ;
_c23 cm.
490 1 _aJurídica A. H. R.
650 4 _aLetras de cambio
_zEspaña
_930158
650 0 _aDerecho internacional
_93258
830 0 _aJurídica A. H. R.
_930159
910 _aCatalogación derivada
999 _a1
_n0000157
_c12689
_d12689
049 _aBNGR